Top 30 Cat Breeds - Statistics

General Stats
  • This quiz has been taken 876 times
    806 since last reset
  • The average score is 8 of 30
Answer Stats
Hint Answer % Correct
25 Siamese
83%
19 Persian
76%
14 Maine Coon
65%
20 Ragdoll
57%
21 Russian Blue
50%
29 Sphynx
44%
3 American Shorthair
42%
6 Burmese
39%
23 Scottish Fold
39%
15 Manx
36%
1 Abyssinian
32%
16 Norwegian Forest Cat
25%
4 Birman
22%
8 Cornish Rex
22%
10 Exotic
20%
5 Bombay
19%
12 Himalayan
19%
18 Oriental
18%
26 Siberian
18%
9 Egyptian Mau
16%
22 Savannah
15%
30 Turkish Angora
15%
2 American Curl
14%
28 Somali
14%
13 Japanese Bobtail
13%
17 Ocicat
10%
27 Singapura
8%
11 Havana Brown
7%
24 Selkirk Rex
5%
7 Colorpoint Shorthair
2%
No matching quizzes found
Score Distribution
Percent of People with Each Score
Percentile by Number Answered
Your Score History
You have not taken this quiz since the last reset